LEADER 01162nam a2200265 4500 001 000000355584 003 CaOOAMICUS 005 20231004102722.0 008 231004s2023 it 000 u ita r 020 $a978-88-6153-404-9 040 $aSeMil$bita 245 00$aGesù e le persone omosessuali /$c[a cura di] Paolo Rigliano ; interviste a F. Barbero ... [et al.]. 264 1$aMolfetta :$bLa Meridiana,$c2023. 300 $a245 p. ;$c21 cm 490 1 $aPaginealtre 650 4$aOmosessualità - Atteggiamento [della] Chiesa cattolica.$0(OLS)http://semarc/subject/7370 700 1 $aRigliano, Paolo,$d<1958- >.$0(OLS)http://semarc/name/54732 700 1 $aBarbero, Franco,$d<1939- >.$0(OLS)http://semarc/name/25419 830 0$aPaginealtre.$0(OLS)http://semarc/title/7770 850 $aSeMil 852 $aSeMil$W1$xVenegono$y1$m2E II 375$j243639$B246839$CSeMilBibl$Z2$F246839 $81 996 $6020$a978-88-6153-404-9$9(OLS)http://semarc/number/299039 996 $6245$aGesù e le persone omosessuali$9(OLS)http://semarc/title/445809 996 $6264$aMolfetta :$bLa Meridiana$9(OLS)http://semarc/publisher/31537 LEADER 01129nam a2200253 i 4500 001 000000048025 003 CaOOAMICUS 005 20091007000000.0 008 091007s1983 it u000 u ita u 013 $a19195 040 $aSeMil$bita 100 1 $aCosmao, Vincent .$0(OLS)http://semarc/name/23839 240 10$aChanger le monde : Une tâche pour l'Église.$0(OLS)http://semarc/title/72551 245 10$aChiesa e sviluppo dei popoli :$bper una teologia dello sviluppo /$cVincent Cosmao. 260 $aMilano :$bEd. «Aggiornamenti Sociali»,$ccopyr. 1983. 300 $a200 p. ;$c21 cm. 500 $aIn mezzo al front : Fondo Franco Conti. 650 4$aChiesa.$0(OLS)http://semarc/subject/3309 650 4$aTeologia politica.$0(OLS)http://semarc/subject/7740 850 $aSeMil 852 $aSeMil$W1$xVenegono$y1$m3E I 308$j14180$B14180$CSeMilBibl$Z2$F14180 $81 961 $aOmaggio: Conti Franco 996 $6245$aChiesa e sviluppo dei popoli :$bper una teologia dello sviluppo$9(OLS)http://semarc/title/72550 996 $6260$aMilano :$bEd. «Aggiornamenti Sociali»$9(OLS)http://semarc/publisher/40989